| Tag |
First Indicator |
Second Indicator |
Subfields |
| LEADER |
00000cam a2200000Ma 4500 |
| 001 |
in00000047777 |
| 005 |
20230801171445.0 |
| 008 |
820615s1944 xnaa b 001 0 eng d |
| 016 |
7 |
|
|a CAT10621991
|2 DNAL
|
| 016 |
7 |
|
|a CAT10709779
|2 DNAL
|
| 016 |
7 |
|
|a CAT10709808
|2 DNAL
|
| 019 |
|
|
|a 6419043
|a 37099518
|a 978027386
|
| 029 |
0 |
|
|a AU@
|b 000001891568
|
| 029 |
1 |
|
|a AU@
|b 000026510034
|
| 029 |
1 |
|
|a AU@
|b 000057995247
|
| 029 |
1 |
|
|a NZ1
|b 3378955
|
| 029 |
1 |
|
|a NZ1
|b 745845
|
| 035 |
|
|
|a (OCoLC)ocn219928361
|
| 035 |
|
|
|a (OCoLC)219928361
|z (OCoLC)6419043
|z (OCoLC)37099518
|z (OCoLC)978027386
|
| 040 |
|
|
|a AU@
|b eng
|c AU@
|d OCLCQ
|d TXA
|d AGL
|d YQU
|d NZ1
|d OCLCF
|d OCLCO
|d OCLCQ
|d OCLCO
|d CNUTO
|d IL4J6
|d OCLCQ
|d OCLCO
|
| 043 |
|
|
|a u-at---
|
| 050 |
|
4 |
|a QL487
|b .M35 1944
|
| 070 |
0 |
|
|a 422.8
|b M19A Ed.2
|
| 072 |
|
0 |
|a L700
|
| 072 |
|
0 |
|a L001
|
| 082 |
0 |
4 |
|a 595.7/0994
|2 19
|
| 100 |
1 |
|
|a McKeown, Keith C.
|q (Keith Collingwood),
|d 1892-1952.
|
| 245 |
1 |
0 |
|a Australian insects :
|b an introductory handbook /
|c by Keith C. McKeown.
|
| 250 |
|
|
|a 2nd rev. ed.
|
| 260 |
|
|
|a Sydney :
|b Royal Zoological Society of New South Wales,
|c 1944.
|
| 300 |
|
|
|a 303 pages :
|b illustrations ;
|c 24 cm
|
| 336 |
|
|
|a text
|b txt
|2 rdacontent
|
| 337 |
|
|
|a unmediated
|b n
|2 rdamedia
|
| 338 |
|
|
|a volume
|b nc
|2 rdacarrier
|
| 490 |
1 |
|
|a Australian zoological handbook
|
| 504 |
|
|
|a Includes bibliographical references and index.
|
| 583 |
|
|
|a commitment to retain
|c 20151208
|2 pda
|5 OTUTLD
|
| 650 |
|
0 |
|a Insects
|z Australia.
|
| 650 |
|
0 |
|a Insects.
|
| 650 |
|
2 |
|a Insecta
|
| 651 |
|
2 |
|a Australia
|
| 650 |
|
6 |
|a Insectes
|z Australie.
|
| 650 |
|
6 |
|a Insectes.
|
| 650 |
|
7 |
|a Insects.
|2 fast
|0 (OCoLC)fst00974074
|
| 651 |
|
7 |
|a Australia.
|2 fast
|0 (OCoLC)fst01204543
|
| 710 |
2 |
|
|a Royal Zoological Society of New South Wales.
|
| 830 |
|
0 |
|a Australian zoological handbook.
|
| 948 |
|
|
|h HELD BY TXA - 44 OTHER HOLDINGS
|
| 994 |
|
|
|a Z0
|b TXA
|
| 999 |
f |
f |
|s 9364d70a-3c73-314d-a835-abf7b1cb9a4e
|i 79820b83-948b-3d6c-9d0e-0196c90fb5b4
|t 0
|
| 952 |
f |
f |
|p ric
|a Texas A&M University
|b Rellis Campus
|c Joint Library Facility
|d Remote Storage
|t 0
|e QL487 .M35 1944
|h Library of Congress classification
|i unmediated -- volume
|m A14801013207
|
| 998 |
f |
f |
|a QL487 .M35 1944
|t 0
|l Remote Storage
|